[Event "18th CRO-chT"]
[Site "Sibenik CRO"]
[Date "2009.09.24"]
[Round "4.24"]
[White "Plenkovic, Zdenko"]
[Black "Glavas, Dragan"]
[Result "1/2-1/2"]
[WhiteElo "2370"]
[BlackElo "2359"]
[PlyCount "42"]
[EventDate "2009.09.21"]
[EventType "team"]
[EventRounds "9"]
[EventCountry "CRO"]

1. e4 e6 2. d4 d5 3. Nc3 Bb4 4. Nge2 dxe4 5. a3 Bxc3+ 6. Nxc3 Nc6 7. d5 exd5 8.
Qxd5 Nge7 9. Qxd8+ Nxd8 10. Nxe4 Bf5 11. Bd3 Ne6 12. Bd2 O-O-O 13. O-O-O Nd4
14. Rhe1 Nb3+ 15. Kb1 Nxd2+ 16. Rxd2 Bg6 17. Kc1 Nc6 18. Nc5 Bxd3 19. Rxd3 b6
20. Rxd8+ Rxd8 21. Nd3 Rd6 1/2-1/2

[Event "18th CRO-chT"]
[Site "Sibenik CRO"]
[Date "2009.09.24"]
[Round "4.26"]
[White "Zelic, Mladen"]
[Black "Novak, Danijel"]
[Result "1/2-1/2"]
[WhiteElo "2305"]
[BlackElo "2372"]
[PlyCount "67"]
[EventDate "2009.09.21"]
[EventType "team"]
[EventRounds "9"]
[EventCountry "CRO"]

1. e4 c5 2. d4 cxd4 3. c3 d3 4. Bxd3 Nc6 5. Nf3 d6 6. h3 Nf6 7. c4 e6 8. Nc3
Be7 9. O-O O-O 10. Qe2 Qc7 11. Be3 b6 12. Rac1 Ne5 13. Nb5 Nxf3+ 14. Qxf3 Qb8
15. Rfd1 Bb7 16. Bf4 a6 17. Nc3 Bc6 18. Qe2 Qb7 19. b4 Rfd8 20. b5 axb5 21.
cxb5 Be8 22. e5 dxe5 23. Bxe5 Ra3 24. Nb1 Ra7 25. Rc7 Qa8 26. Rxa7 Qxa7 27.
Bxf6 Bxf6 28. Bxh7+ Kxh7 29. Rxd8 Bxd8 30. Qd3+ g6 31. Qxd8 Bxb5 32. Qh4+ Kg7
33. Nc3 Bc6 34. Ne4 1/2-1/2

[Event "18th CRO-chT"]
[Site "Sibenik CRO"]
[Date "2009.09.24"]
[Round "4.32"]
[White "Palac, Mladen"]
[Black "Pavasovic, Dusko"]
[Result "1-0"]
[WhiteElo "2576"]
[BlackElo "2602"]
[PlyCount "77"]
[EventDate "2009.09.21"]
[EventType "team"]
[EventRounds "9"]
[EventCountry "CRO"]

1. e4 e5 2. Nf3 Nc6 3. Bb5 a6 4. Ba4 Nf6 5. O-O b5 6. Bb3 Bc5 7. a4 Rb8 8. c3
d6 9. d3 O-O 10. Bg5 h6 11. Bh4 g5 12. Bg3 Bg4 13. h3 Bh5 14. Re1 Bb6 15. Nbd2
Ne7 16. Nf1 Nd7 17. axb5 axb5 18. Bh2 Nc5 19. Ba2 Ne6 20. Ng3 Bg6 21. d4 exd4
22. cxd4 Qd7 23. Qd2 Ra8 24. b4 Kh7 25. Bb3 Rxa1 26. Rxa1 Nf4 27. Bc2 Nc6 28.
Nf5 d5 29. Bxf4 dxe4 30. Bxe4 Bxf5 31. Bxc6 Qxc6 32. d5 Qc4 33. Be5 Be4 34. d6
Bxf3 35. gxf3 Qe6 36. Re1 Re8 37. dxc7 f6 38. Qc2+ Kg8 39. Qg6+ 1-0

[Event "18th CRO-chT"]
[Site "Sibenik CRO"]
[Date "2009.09.24"]
[Round "4.33"]
[White "Saric, Ivan"]
[Black "Postny, Evgeny"]
[Result "1/2-1/2"]
[WhiteElo "2573"]
[BlackElo "2651"]
[PlyCount "100"]
[EventDate "2009.09.21"]
[EventType "team"]
[EventRounds "9"]
[EventCountry "CRO"]

1. e4 e5 2. Nf3 Nc6 3. Bc4 Nf6 4. d3 Be7 5. O-O O-O 6. Nc3 d6 7. a4 Be6 8. Re1
Qd7 9. a5 Nd4 10. h3 Nxf3+ 11. Qxf3 c6 12. Bg5 b5 13. axb6 axb6 14. Qe3 Rxa1
15. Rxa1 d5 16. exd5 cxd5 17. Bb5 Qc7 18. d4 h6 19. Bh4 exd4 20. Qxd4 Bc5 21.
Qd3 Qf4 22. Qg3 Qf5 23. Bd3 Ne4 24. Bxe4 dxe4 25. Qg4 e3 26. Qxf5 Bxf5 27. Nd5
Be4 28. Nxe3 f5 29. b4 Bxb4 30. f3 Bc5 31. Bf2 f4 32. Nc4 Bxf2+ 33. Kxf2 Rc8
34. fxe4 Rxc4 35. Kf3 g5 36. e5 Kf7 37. Rb1 Rc6 38. Ke4 Ke7 39. Kf5 Rxc2 40.
Rxb6 Rxg2 41. Rxh6 f3 42. Rh7+ Kd8 43. Ke6 Re2 44. Rd7+ Ke8 45. Ra7 Kd8 46.
Rd7+ Ke8 47. Rg7 Rxe5+ 48. Kxe5 f2 49. Ke6 f1=Q 50. Rg8+ Qf8 1/2-1/2

[Event "18th CRO-chT"]
[Site "Sibenik CRO"]
[Date "2009.09.24"]
[Round "4.35"]
[White "Saric, Ante"]
[Black "Zelcic, Robert"]
[Result "1/2-1/2"]
[WhiteElo "2487"]
[BlackElo "2550"]
[PlyCount "77"]
[EventDate "2009.09.21"]
[EventType "team"]
[EventRounds "9"]
[EventCountry "CRO"]

1. Nf3 d5 2. d4 Nf6 3. c4 e6 4. Nc3 Bb4 5. Bg5 h6 6. Bxf6 Qxf6 7. Qa4+ Nc6 8.
cxd5 exd5 9. e3 O-O 10. Be2 Be6 11. a3 Bd6 12. Nb5 Qd8 13. Nxd6 Qxd6 14. Rc1
Ne7 15. Qb4 Qxb4+ 16. axb4 Rfc8 17. b5 Nf5 18. Nd2 Nd6 19. Nb1 a6 20. bxa6 b5
21. Nc3 c6 22. Na2 Rxa6 23. Nb4 Ra4 24. Nd3 Ra2 25. g4 Bd7 26. O-O Nc4 27. Rc2
Kf8 28. Rfc1 Rca8 29. Kf1 f6 30. Ke1 Ke7 31. b3 Rxc2 32. Rxc2 Nd6 33. f3 Ra3
34. Nc1 Be8 35. Ra2 Rxa2 36. Nxa2 h5 37. h3 g5 38. Bd3 hxg4 39. hxg4 1/2-1/2

[Event "18th CRO-chT"]
[Site "Sibenik CRO"]
[Date "2009.09.24"]
[Round "4.36"]
[White "Zaja, Ivan"]
[Black "Doric, Darko"]
[Result "1/2-1/2"]
[WhiteElo "2449"]
[BlackElo "2456"]
[PlyCount "53"]
[EventDate "2009.09.21"]
[EventType "team"]
[EventRounds "9"]
[EventCountry "CRO"]

1. d4 Nf6 2. c4 e6 3. Nf3 b6 4. g3 Ba6 5. b3 Bb4+ 6. Bd2 Be7 7. Nc3 d5 8. cxd5
exd5 9. Bg2 O-O 10. Ne5 Bb7 11. O-O Na6 12. Qc2 c5 13. Rad1 Re8 14. Bf4 Nc7 15.
dxc5 bxc5 16. Nc4 Qc8 17. Nd6 Bxd6 18. Bxd6 Na6 19. a3 d4 20. Bxb7 Qxb7 21. Na4
Ne4 22. Bxc5 Naxc5 23. Nxc5 Nxc5 24. Qxc5 Qxb3 25. Rxd4 Rxe2 26. Qxa7 Ree8 27.
Qd7 1/2-1/2

[Event "18th CRO-chT"]
[Site "Sibenik CRO"]
[Date "2009.09.24"]
[Round "4.42"]
[White "Ruck, Robert"]
[Black "Hracek, Zbynek"]
[Result "1/2-1/2"]
[WhiteElo "2548"]
[BlackElo "2606"]
[PlyCount "28"]
[EventDate "2009.09.21"]
[EventType "team"]
[EventRounds "9"]
[EventCountry "CRO"]

1. Nf3 c5 2. c4 Nc6 3. d4 cxd4 4. Nxd4 Nf6 5. g3 d6 6. Bg2 Bd7 7. O-O g6 8. b3
Bg7 9. Bb2 O-O 10. Nc3 Rc8 11. e3 Re8 12. Qd2 a6 13. Nde2 Qa5 14. Rfd1 b5
1/2-1/2

[Event "18th CRO-chT"]
[Site "Sibenik CRO"]
[Date "2009.09.24"]
[Round "4.43"]
[White "Jovanovic, Zoran"]
[Black "Brkic, Ante"]
[Result "1/2-1/2"]
[WhiteElo "2535"]
[BlackElo "2544"]
[PlyCount "24"]
[EventDate "2009.09.21"]
[EventType "team"]
[EventRounds "9"]
[EventCountry "CRO"]

1. e4 e5 2. Nf3 Nc6 3. Bb5 Nf6 4. O-O Nxe4 5. Re1 Nd6 6. Nxe5 Be7 7. Bf1 Nf5 8.
Nf3 d5 9. d4 O-O 10. Bf4 Bd6 11. Bxd6 Nxd6 12. c3 Ne7 1/2-1/2

[Event "18th CRO-chT"]
[Site "Sibenik CRO"]
[Date "2009.09.24"]
[Round "4.44"]
[White "Rogic, Davor"]
[Black "Sermek, Drazen"]
[Result "1/2-1/2"]
[WhiteElo "2542"]
[BlackElo "2530"]
[PlyCount "34"]
[EventDate "2009.09.21"]
[EventType "team"]
[EventRounds "9"]
[EventCountry "CRO"]

1. e4 c5 2. Nf3 e6 3. d4 cxd4 4. Nxd4 Nf6 5. Nc3 Nc6 6. Ndb5 d6 7. Bf4 e5 8.
Bg5 a6 9. Na3 Be6 10. Nc4 Rc8 11. Ne3 Be7 12. Bxf6 Bxf6 13. Ncd5 Bg5 14. c3
Bxe3 15. Nxe3 Ne7 16. Qd2 d5 17. exd5 Nxd5 1/2-1/2

[Event "18th CRO-chT"]
[Site "Sibenik CRO"]
[Date "2009.09.24"]
[Round "4.45"]
[White "Leventic, Ivan"]
[Black "Kovacevic, Blazimir"]
[Result "1/2-1/2"]
[WhiteElo "2495"]
[BlackElo "2425"]
[PlyCount "22"]
[EventDate "2009.09.21"]
[EventType "team"]
[EventRounds "9"]
[EventCountry "CRO"]

1. e4 e6 2. d4 d5 3. exd5 exd5 4. Nf3 Bd6 5. Bd3 Nc6 6. c3 Nge7 7. O-O Bg4 8.
Bg5 Qd7 9. Nbd2 f6 10. Bh4 Bf5 11. Qc2 Bxd3 1/2-1/2

[Event "18th CRO-chT"]
[Site "Sibenik CRO"]
[Date "2009.09.24"]
[Round "4.46"]
[White "Zivkovic, Vjekoslav"]
[Black "Sulava, Nenad"]
[Result "0-1"]
[WhiteElo "2413"]
[BlackElo "2540"]
[PlyCount "84"]
[EventDate "2009.09.21"]
[EventType "team"]
[EventRounds "9"]
[EventCountry "CRO"]

1. e4 c5 2. Nf3 a6 3. c3 g6 4. d4 cxd4 5. Qxd4 Nf6 6. e5 Nc6 7. Qh4 Nh5 8. Be2
Qc7 9. Qe4 d6 10. exd6 Qxd6 11. O-O Bg7 12. Rd1 Qc7 13. Nbd2 Bf5 14. Qc4 Be6
15. Qc5 Nf4 16. Bf1 O-O-O 17. Re1 Rd5 18. Qe3 Bh6 19. Qe4 Rhd8 20. Nb3 Bf5 21.
Qa4 Bg4 22. Nbd4 Bd7 23. Qb3 Rh5 24. Bxf4 Qxf4 25. g3 Qf6 26. Bg2 e5 27. Nc2
Bg4 28. c4 Rf5 29. Ne3 Bxf3 30. Nxf5 Bxg2 31. Nxh6 Nd4 32. Qe3 Bc6 33. Ng4 Nf3+
34. Kf1 Qe6 35. Nxe5 Nxe5 36. Qxe5 Qh3+ 37. Ke2 Re8 38. Qxe8+ Bxe8 39. Rad1 Bc6
40. b3 Qxh2 41. Rd3 Qh5+ 42. Kd2 Qa5+ 0-1

[Event "18th CRO-chT"]
[Site "Sibenik CRO"]
[Date "2009.09.24"]
[Round "4.53"]
[White "Lalic, Bogdan"]
[Black "Cvitan, Ognjen"]
[Result "1/2-1/2"]
[WhiteElo "2495"]
[BlackElo "2516"]
[PlyCount "36"]
[EventDate "2009.09.21"]
[EventType "team"]
[EventRounds "9"]
[EventCountry "CRO"]

1. Nf3 Nf6 2. c4 g6 3. d4 Bg7 4. g3 d5 5. cxd5 Nxd5 6. Bg2 Nb6 7. Nc3 Nc6 8. e3
O-O 9. O-O Re8 10. d5 Na5 11. Nd4 Bd7 12. e4 c6 13. Re1 cxd5 14. exd5 Rc8 15.
Rb1 h6 16. Bf4 Nac4 17. b3 Nd6 18. Rc1 Nf5 1/2-1/2

[Event "18th CRO-chT"]
[Site "Sibenik CRO"]
[Date "2009.09.24"]
[Round "4.54"]
[White "Cebalo, Miso"]
[Black "Muse, Mladen"]
[Result "1-0"]
[WhiteElo "2500"]
[BlackElo "2448"]
[PlyCount "61"]
[EventDate "2009.09.21"]
[EventType "team"]
[EventRounds "9"]
[EventCountry "CRO"]

1. d4 d6 2. c4 e5 3. Nf3 e4 4. Ng5 f5 5. g3 h6 6. Nh3 g5 7. Bg2 Bg7 8. f3 Nf6
9. Nc3 d5 10. cxd5 exf3 11. exf3 O-O 12. O-O Nxd5 13. f4 Nxc3 14. bxc3 g4 15.
Nf2 c6 16. Qb3+ Kh7 17. Ba3 Re8 18. Rfe1 Nd7 19. Qf7 Nf6 20. Nd3 Qd7 21. Be7
Rf8 22. Qb3 Rg8 23. Nc5 Qc7 24. Ne6 Bxe6 25. Qxe6 Kg6 26. Rab1 Rge8 27. Re5 Qd7
28. Rxb7 Qxe6 29. Rxe6 Rab8 30. Bxc6 Rec8 31. Rxa7 1-0

[Event "18th CRO-chT"]
[Site "Sibenik CRO"]
[Date "2009.09.24"]
[Round "4.55"]
[White "Rade, Miroslav"]
[Black "Rukavina, Josip"]
[Result "1/2-1/2"]
[WhiteElo "2433"]
[BlackElo "2435"]
[PlyCount "86"]
[EventDate "2009.09.21"]
[EventType "team"]
[EventRounds "9"]
[EventCountry "CRO"]

1. e4 d6 2. d4 Nf6 3. Nc3 g6 4. Nf3 Bg7 5. Be2 O-O 6. O-O c6 7. h3 Nbd7 8. e5
Ne8 9. Bf4 dxe5 10. dxe5 Nc7 11. Qd3 Nb6 12. Rfd1 Qxd3 13. Bxd3 Be6 14. Ne4 Bd5
15. Bg3 Ne6 16. Re1 Rad8 17. a4 Bxe4 18. Bxe4 a5 19. b3 Rd7 20. h4 Bh6 21. Kf1
Rfd8 22. Bh2 Nd5 23. Bxd5 Rxd5 24. Re4 Nc5 25. Re2 Ne6 26. Re4 Bd2 27. Rd1 Bb4
28. Rxd5 Rxd5 29. Ke2 h5 30. Bf4 Nc5 31. Rd4 Ne6 32. Re4 Kf8 33. Be3 Bc3 34.
Bd2 Bxd2 35. Nxd2 Ke8 36. Nf3 Kd8 37. g3 Kc7 38. Re3 b5 39. Re4 Kb6 40. c4 Rd7
41. cxb5 cxb5 42. Nd2 Nc5 43. Rf4 e6 1/2-1/2

[Event "18th CRO-chT"]
[Site "Sibenik CRO"]
[Date "2009.09.24"]
[Round "4.56"]
[White "Golubovic, Boris"]
[Black "Armanda, Ivica"]
[Result "1-0"]
[WhiteElo "2381"]
[BlackElo "2345"]
[PlyCount "79"]
[EventDate "2009.09.21"]
[EventType "team"]
[EventRounds "9"]
[EventCountry "CRO"]

1. d4 Nf6 2. Nf3 g6 3. Bg5 Bg7 4. Nbd2 d5 5. e3 O-O 6. Be2 c5 7. c3 Nc6 8. dxc5
a5 9. a4 h6 10. Bh4 e5 11. O-O Qe7 12. Bxf6 Bxf6 13. e4 d4 14. cxd4 exd4 15.
Rc1 d3 16. Bxd3 Bxb2 17. Rb1 Bg7 18. Rb5 Rd8 19. Qb1 g5 20. Nb3 g4 21. Nfd2 Ne5
22. Bc4 Qh4 23. Bd5 Nf3+ 24. gxf3 Be5 25. Rd1 Qh3 26. f4 Bxf4 27. Nf1 Re8 28.
Qd3 Qh4 29. Nc1 Ra6 30. Ne2 Bb8 31. Bxb7 Rf6 32. Neg3 Rf3 33. Qe2 Be6 34. Bd5
Bf4 35. c6 h5 36. Bxe6 Rxe6 37. Rd3 Bxg3 38. hxg3 Qe7 39. Rxf3 gxf3 40. Qxf3
1-0

[Event "18th CRO-chT"]
[Site "Sibenik CRO"]
[Date "2009.09.25"]
[Round "5.13"]
[White "Cvitan, Ognjen"]
[Black "Kozul, Zdenko"]
[Result "1/2-1/2"]
[WhiteElo "2516"]
[BlackElo "2588"]
[PlyCount "21"]
[EventDate "2009.09.21"]
[EventType "team"]
[EventRounds "9"]
[EventCountry "CRO"]

1. d4 Nf6 2. c4 g6 3. Nf3 Bg7 4. g3 c6 5. Bg2 d5 6. cxd5 cxd5 7. Ne5 e6 8. O-O
Nfd7 9. f4 Nc6 10. Nc3 Qb6 11. e3 1/2-1/2

[Event "18th CRO-chT"]
[Site "Sibenik CRO"]
[Date "2009.09.25"]
[Round "5.14"]
[White "Jankovic, Alojzije"]
[Black "Cebalo, Miso"]
[Result "0-1"]
[WhiteElo "2548"]
[BlackElo "2500"]
[PlyCount "98"]
[EventDate "2009.09.21"]
[EventType "team"]
[EventRounds "9"]
[EventCountry "CRO"]

1. d4 Nf6 2. Nf3 e6 3. c4 c5 4. d5 d6 5. Nc3 exd5 6. cxd5 g6 7. Nd2 Bg7 8. Nc4
O-O 9. Bf4 Ne8 10. e3 b6 11. h3 Ba6 12. a4 Qc7 13. Nb5 Bxb5 14. axb5 a5 15. h4
h6 16. g4 Nd7 17. h5 g5 18. Bg3 Rd8 19. f4 gxf4 20. exf4 Nef6 21. Be2 Ne4 22.
Bh4 Rde8 23. Qc2 f5 24. g5 Bd4 25. O-O-O Kh8 26. Bf3 hxg5 27. Bxe4 Rxe4 28.
Bxg5 Nf6 29. Nd2 Be3 30. Kb1 Bxd2 31. Bxf6+ Rxf6 32. Rxd2 Qe7 33. Rg1 Rxf4 34.
Qc3 Kh7 35. Rdg2 Rd4 36. h6 Qe4+ 37. Qc2 Rf7 38. Qxe4 fxe4 39. Rg5 e3 40. Kc2
e2 41. Re1 Re7 42. b3 c4 43. bxc4 Rxc4+ 44. Kd3 Rc5 45. Rxe2 Rxe2 46. Kxe2 Rxb5
47. Rf5 a4 48. Kd2 a3 49. Kc2 a2 0-1

[Event "18th CRO-chT"]
[Site "Sibenik CRO"]
[Date "2009.09.25"]
[Round "5.15"]
[White "Golubovic, Boris"]
[Black "Hulak, Krunoslav"]
[Result "1/2-1/2"]
[WhiteElo "2381"]
[BlackElo "2520"]
[PlyCount "27"]
[EventDate "2009.09.21"]
[EventType "team"]
[EventRounds "9"]
[EventCountry "CRO"]

1. e4 c5 2. Nf3 e6 3. c3 Nf6 4. e5 Nd5 5. Bc4 d6 6. d4 cxd4 7. cxd4 Nc6 8. O-O
Be7 9. exd6 Qxd6 10. Nc3 O-O 11. Re1 Nf6 12. a3 a6 13. d5 exd5 14. Nxd5 1/2-1/2

[Event "18th CRO-chT"]
[Site "Sibenik CRO"]
[Date "2009.09.25"]
[Round "5.23"]
[White "Brkic, Ante"]
[Black "Lalic, Bogdan"]
[Result "1/2-1/2"]
[WhiteElo "2544"]
[BlackElo "2495"]
[PlyCount "30"]
[EventDate "2009.09.21"]
[EventType "team"]
[EventRounds "9"]
[EventCountry "CRO"]

1. e4 c6 2. d4 d5 3. exd5 cxd5 4. c4 Nf6 5. Nc3 e6 6. Nf3 Bb4 7. cxd5 Nxd5 8.
Qc2 Nc6 9. a3 Ba5 10. Bd3 h6 11. O-O O-O 12. Rd1 Nce7 13. Ne5 Bd7 14. Ne4 Bc7
15. Nxd7 Qxd7 1/2-1/2

[Event "18th CRO-chT"]
[Site "Sibenik CRO"]
[Date "2009.09.25"]
[Round "5.24"]
[White "Kovacevic, Vlatko"]
[Black "Rogic, Davor"]
[Result "0-1"]
[WhiteElo "2505"]
[BlackElo "2542"]
[PlyCount "172"]
[EventDate "2009.09.21"]
[EventType "team"]
[EventRounds "9"]
[EventCountry "CRO"]

1. d4 d5 2. Nf3 Nf6 3. g3 Bf5 4. Bg2 c6 5. O-O Nbd7 6. Nbd2 h6 7. c4 e6 8. b3
Bd6 9. Bb2 Qb8 10. Re1 Bh7 11. Qc1 O-O 12. Qc3 Rd8 13. Rad1 a5 14. a3 b5 15. c5
b4 16. Qc1 Bc7 17. a4 Re8 18. Qa1 Ra7 19. Rc1 e5 20. dxe5 Nxe5 21. Bxe5 Bxe5
22. Nxe5 Rxe5 23. Nf3 Re8 24. Nd4 Qc8 25. Qb2 Rae7 26. Qd2 Re5 27. e3 Bf5 28.
f3 Nh7 29. Bf1 Bd7 30. Qd3 Nf8 31. Kf2 Qc7 32. Qa6 Rb8 33. Bg2 Ree8 34. Qd3
Rbd8 35. Qa6 Ra8 36. Qd3 Bc8 37. Bf1 Ba6 38. Qd2 Bxf1 39. Kxf1 Re5 40. Qd3 Qd7
41. Re2 Rae8 42. Kf2 Qc8 43. Kg2 g6 44. Rce1 Ne6 45. Nxe6 R5xe6 46. Qd4 Qd8 47.
h4 f5 48. Kf2 Qe7 49. Rh1 Kf7 50. Ree1 Qf6 51. Rhg1 g5 52. hxg5 hxg5 53. Qxf6+
Kxf6 54. g4 Rh8 55. gxf5 Kxf5 56. Rh1 Reh6 57. Rxh6 Rxh6 58. Kg3 Rh4 59. Rd1
Ke5 60. Re1 Kf5 61. Rd1 Rh6 62. Re1 Rh7 63. Rd1 Rh4 64. Re1 d4 65. exd4 Rxd4
66. Re8 Rd5 67. Rf8+ Ke5 68. Kg4 Kd4 69. Rg8 Kc3 70. Rxg5 Rxg5+ 71. Kxg5 Kxb3
72. f4 Kxa4 73. f5 b3 74. f6 b2 75. f7 b1=Q 76. f8=Q Qc1+ 77. Kg6 Qc2+ 78. Kh6
Qd2+ 79. Kg6 Qg2+ 80. Kh7 Qe4+ 81. Kh6 Qe6+ 82. Kg5 Qe5+ 83. Kg6 Kb5 84. Qd6
Qxc5 85. Qd3+ Qc4 86. Qb1+ Ka6 0-1

[Event "18th CRO-chT"]
[Site "Sibenik CRO"]
[Date "2009.09.25"]
[Round "5.25"]
[White "Kovacevic, Blazimir"]
[Black "Cvorovic, Drazen"]
[Result "1/2-1/2"]
[WhiteElo "2425"]
[BlackElo "2453"]
[PlyCount "280"]
[EventDate "2009.09.21"]
[EventType "team"]
[EventRounds "9"]
[EventCountry "CRO"]

1. Nf3 Nf6 2. c4 g6 3. Nc3 Bg7 4. e4 O-O 5. d4 d6 6. Be2 Bg4 7. Be3 Nfd7 8. d5
Nb6 9. Nd4 Bxe2 10. Qxe2 c5 11. Nf3 N8d7 12. Bf4 Re8 13. Rd1 e6 14. dxe6 Rxe6
15. Nb5 Qf6 16. Bc1 Qe7 17. Ng5 Rf6 18. O-O h6 19. Nh3 a6 20. Nc3 Re8 21. Nf4
Qf8 22. f3 g5 23. Nfd5 Nxd5 24. Nxd5 Rg6 25. Qc2 Ne5 26. Kh1 Nc6 27. b3 Nd4 28.
Qd3 Be5 29. g3 f5 30. exf5 Qxf5 31. Qxf5 Nxf5 32. f4 gxf4 33. Bxf4 Nd4 34. Rde1
Kg7 35. Re4 Nc6 36. Bxe5+ dxe5 37. Kg2 Rf8 38. Rxf8 Kxf8 39. Re2 Re6 40. Rf2+
Kg7 41. Kf3 h5 42. Ke4 Rg6 43. Ne3 Rf6 44. Rxf6 Kxf6 45. h4 Nd4 46. g4 Ne2 47.
Nd5+ Ke6 48. gxh5 Nc1 49. h6 Kf7 50. Nc3 b5 51. Kxe5 b4 52. Ne4 Nxa2 53. Nxc5
a5 54. Kd5 Nc3+ 55. Kd4 Kg6 56. Ne4 Ne2+ 57. Ke3 Nc1 58. Nd2 Na2 59. c5 Nc3 60.
Ne4 Nb5 61. Kd3 Kxh6 62. c6 Kh5 63. Kc4 Nc7 64. Nf6+ Kxh4 65. Nd5 a4 66. bxa4
Nxd5 67. a5 Kg5 68. Kxd5 b3 69. c7 b2 70. c8=Q b1=Q 71. Qd8+ Kg4 72. Qd7+ Kg3
73. Qd6+ Kh3 74. Qe6+ Kg3 75. Qe5+ Kh3 76. Qe3+ Kh2 77. Qe2+ Kh3 78. Qe6+ Kg3
79. Qe5+ Kh3 80. Kc6 Qg6+ 81. Qd6 Qe4+ 82. Kc7 Qc4+ 83. Qc6 Qf4+ 84. Kb6 Qd4+
85. Ka6 Qb4 86. Qh6+ Kg3 87. Qb6 Qc4+ 88. Ka7 Qf7+ 89. Qb7 Qf2+ 90. Ka8 Kh3 91.
Qd7+ Kg3 92. Qd6+ Kh3 93. Qd7+ Kg3 94. Qd6+ Kh3 95. a6 Qf3+ 96. Kb8 Qb3+ 97.
Kc7 Qc4+ 98. Kd7 Qf7+ 99. Kc6 Qc4+ 100. Kb6 Qb3+ 101. Ka5 Qa2+ 102. Kb5 Qe2+
103. Kc5 Qc2+ 104. Kb6 Qb3+ 105. Kc7 Qc4+ 106. Qc6 Qf4+ 107. Kb7 Qb4+ 108. Kc7
Qf4+ 109. Qd6 Qc4+ 110. Kb8 Qb3+ 111. Ka7 Qf7+ 112. Kb6 Qb3+ 113. Ka5 Qa2+ 114.
Kb5 Qe2+ 115. Kb4 Qb2+ 116. Kc4 Qc2+ 117. Kd4 Qd2+ 118. Ke5 Qg5+ 119. Ke4 Qg2+
120. Kf5 Qf3+ 121. Kg6 Qe4+ 122. Kg7 Qg4+ 123. Kf7 Qf5+ 124. Qf6 Qd7+ 125. Kg6
Qe8+ 126. Kh6 Qe3+ 127. Kg7 Qa7+ 128. Kg6 Qg1+ 129. Kh6 Qe3+ 130. Kg7 Qa7+ 131.
Kg6 Qg1+ 132. Kf7 Qa7+ 133. Ke8 Qa8+ 134. Kd7 Qa7+ 135. Kc8 Qa8+ 136. Kd7 Qa7+
137. Ke8 Qa8+ 138. Kf7 Qa7+ 139. Kg8 Qa8+ 140. Kg7 Qa7+ 1/2-1/2

[Event "18th CRO-chT"]
[Site "Sibenik CRO"]
[Date "2009.09.25"]
[Round "5.26"]
[White "Armanda, Ivica"]
[Black "Zivkovic, Vjekoslav"]
[Result "1-0"]
[WhiteElo "2345"]
[BlackElo "2413"]
[PlyCount "47"]
[EventDate "2009.09.21"]
[EventType "team"]
[EventRounds "9"]
[EventCountry "CRO"]

1. e4 c5 2. Nf3 d6 3. d4 cxd4 4. Nxd4 Nf6 5. Nc3 a6 6. Bc4 e6 7. Bb3 Nbd7 8.
Be3 Nc5 9. Qe2 Be7 10. O-O-O Qc7 11. f4 b5 12. e5 dxe5 13. fxe5 Nfd7 14. Bf4
O-O 15. Rhf1 Nb6 16. Kb1 Bb7 17. Nf5 b4 18. Nxe7+ Qxe7 19. Qg4 Kh8 20. Ne2 Be4
21. Be3 Bg6 22. Qxb4 Rfc8 23. Bxc5 Qxc5 24. Rd8+ 1-0

[Event "18th CRO-chT"]
[Site "Sibenik CRO"]
[Date "2009.09.25"]
[Round "5.31"]
[White "Tiviakov, Sergei"]
[Black "Navara, David"]
[Result "1/2-1/2"]
[WhiteElo "2670"]
[BlackElo "2692"]
[PlyCount "78"]
[EventDate "2009.09.21"]
[EventType "team"]
[EventRounds "9"]
[EventCountry "CRO"]

1. e4 e6 2. d4 d5 3. Nd2 Nf6 4. e5 Nfd7 5. f4 c5 6. Ndf3 Nc6 7. Ne2 b5 8. a3
Rb8 9. g3 Qb6 10. c3 a5 11. Bg2 b4 12. axb4 axb4 13. O-O Ba6 14. Rf2 cxd4 15.
Nexd4 Bc5 16. Kh1 O-O 17. Be3 bxc3 18. bxc3 Bc4 19. Nd2 Bxd4 20. cxd4 Bd3 21.
Ra3 Qb5 22. Qa4 Qxa4 23. Rxa4 Nb6 24. Ra1 Nb4 25. Bf1 Nc4 26. Nxc4 dxc4 27.
Bxd3 cxd3 28. Rd1 h5 29. Rb2 Nd5 30. Rxb8 Rxb8 31. Rxd3 Rb2 32. Kg1 Kh7 33. Bf2
Kg6 34. Kg2 Nb4 35. Rc3 Rd2 36. Kf3 Nd3 37. Ke3 Rxf2 38. Rxd3 Rxh2 39. d5 exd5
1/2-1/2

[Event "18th CRO-chT"]
[Site "Sibenik CRO"]
[Date "2009.09.25"]
[Round "5.32"]
[White "Hracek, Zbynek"]
[Black "Palac, Mladen"]
[Result "1/2-1/2"]
[WhiteElo "2606"]
[BlackElo "2576"]
[PlyCount "123"]
[EventDate "2009.09.21"]
[EventType "team"]
[EventRounds "9"]
[EventCountry "CRO"]

1. d4 Nf6 2. c4 e6 3. Nc3 Bb4 4. Qc2 O-O 5. a3 Bxc3+ 6. Qxc3 d5 7. e3 b6 8. Nf3
Bb7 9. b4 c5 10. dxc5 bxc5 11. Bb2 Nbd7 12. cxd5 Bxd5 13. Be2 Qb6 14. O-O Rfb8
15. b5 a6 16. a4 c4 17. e4 Bxe4 18. Nd2 Bd5 19. Nxc4 Qb7 20. Ne3 Be4 21. Rfc1
axb5 22. axb5 Nb6 23. f3 Bg6 24. Qc6 Rxa1 25. Rxa1 Nfd7 26. Ra6 Qc8 27. Qxc8+
Nxc8 28. Kf2 Kf8 29. Ba3+ Ke8 30. Nc4 Kd8 31. Nd6 Ncb6 32. Bb4 Nd5 33. Ba5+ Ke7
34. Ne4 f6 35. Ra7 Bxe4 36. fxe4 N5b6 37. Ke3 Nc8 38. Ra6 Ndb6 39. Bb4+ Kd7 40.
h4 Rb7 41. Bc5 Kc7 42. Ra1 Nd6 43. Rc1 Kd7 44. Rd1 Nbc8 45. g4 Kc7 46. Rb1 g6
47. g5 f5 48. exf5 exf5 49. Kf4 Ne4 50. Bd4 Nb6 51. Rc1+ Kd7 52. Ke5 Nd6 53.
Be3 Rb8 54. Rd1 Re8+ 55. Kf4 Re4+ 56. Kf3 Nbc8 57. Rd4 Ke6 58. Bd3 Rxd4 59.
Bxd4 Kd5 60. Bf2 Nc4 61. Kf4 N8d6 62. Be2 1/2-1/2

[Event "18th CRO-chT"]
[Site "Sibenik CRO"]
[Date "2009.09.25"]
[Round "5.34"]
[White "Sermek, Drazen"]
[Black "Dizdar, Goran"]
[Result "1/2-1/2"]
[WhiteElo "2530"]
[BlackElo "2563"]
[PlyCount "40"]
[EventDate "2009.09.21"]
[EventType "team"]
[EventRounds "9"]
[EventCountry "CRO"]

1. e4 e6 2. d4 d5 3. Nd2 c5 4. exd5 exd5 5. Ngf3 Nf6 6. Bb5+ Bd7 7. Bxd7+ Nbxd7
8. O-O Be7 9. dxc5 Nxc5 10. Nb3 Nce4 11. Nbd4 Qd7 12. Ne5 Qc8 13. Nd3 O-O 14.
f3 Nd6 15. Bf4 Re8 16. Re1 Qc4 17. c3 Bf8 18. Ne5 Qc7 19. Nd3 Qc4 20. Ne5 Qc7
1/2-1/2

[Event "18th CRO-chT"]
[Site "Sibenik CRO"]
[Date "2009.09.25"]
[Round "5.35"]
[White "Zelcic, Robert"]
[Black "Leventic, Ivan"]
[Result "1/2-1/2"]
[WhiteElo "2550"]
[BlackElo "2495"]
[PlyCount "115"]
[EventDate "2009.09.21"]
[EventType "team"]
[EventRounds "9"]
[EventCountry "CRO"]

1. e4 e5 2. Nf3 Nf6 3. Nxe5 d6 4. Nf3 Nxe4 5. d4 d5 6. Bd3 Nc6 7. O-O Be7 8. c4
Nb4 9. cxd5 Nxd3 10. Qxd3 Qxd5 11. Re1 Bf5 12. Nc3 Nxc3 13. Qxc3 Be6 14. Re5
Qc6 15. Qa5 Qb6 16. Qe1 O-O-O 17. d5 Bb4 18. Qe4 Bd7 19. Be3 Bc5 20. Qc2 Bxe3
21. Rxe3 Qd6 22. Rc1 Kb8 23. Ne5 Rhf8 24. Qxh7 g6 25. Qh4 Qxd5 26. Qe7 Qd6 27.
Nxf7 Qf4 28. Qxd8+ Rxd8 29. Nxd8 Kc8 30. Rd1 Qa4 31. b3 Qxa2 32. Nf7 b6 33. h4
Qc2 34. Rdd3 b5 35. Ne5 Bf5 36. Rc3 Qd1+ 37. Kh2 Qd6 38. Rc6 Qd4 39. Nf3 Qd7
40. Rf6 Qd8 41. Rc6 Kb7 42. Rec3 a5 43. Kg3 Be4 44. Rxc7+ Qxc7+ 45. Rxc7+ Kxc7
46. Nd4 Kb6 47. f3 Bb1 48. Kf4 Kc5 49. Ke3 a4 50. Nxb5 axb3 51. Nc3 Bc2 52. Kd2
Kd4 53. Nb5+ Ke5 54. Na3 Bf5 55. Ke3 Be6 56. g4 b2 57. f4+ Kf6 58. f5 1/2-1/2

[Event "18th CRO-chT"]
[Site "Sibenik CRO"]
[Date "2009.09.25"]
[Round "5.36"]
[White "Sulava, Nenad"]
[Black "Loncar, Robert"]
[Result "1/2-1/2"]
[WhiteElo "2540"]
[BlackElo "2427"]
[PlyCount "62"]
[EventDate "2009.09.21"]
[EventType "team"]
[EventRounds "9"]
[EventCountry "CRO"]

1. d4 Nf6 2. Nf3 e6 3. e3 d5 4. c4 c5 5. Nc3 Nc6 6. a3 a6 7. dxc5 Bxc5 8. b4
Ba7 9. Bb2 O-O 10. Qc2 Qe7 11. Rd1 Rd8 12. Be2 dxc4 13. Rxd8+ Nxd8 14. Ne4 Nxe4
15. Qxe4 Bd7 16. Bxc4 Rc8 17. Ne5 Be8 18. O-O f5 19. Qd3 Nf7 20. Qb3 Nxe5 21.
Bxe5 Bf7 22. Rd1 b5 23. Be2 Bb8 24. Qb2 Bxe5 25. Qxe5 Qf6 26. Qd6 e5 27. Qd7
Qe6 28. Qb7 g6 29. h3 Rc2 30. Bf1 Kg7 31. Qb8 Rc8 1/2-1/2